| 000 | 00779nam a2200229 a 4500 | ||
|---|---|---|---|
| 001 | 48864 | ||
| 003 | BD-RjUL | ||
| 005 | 20211209054610.0 | ||
| 008 | 160816s1970 bg ||||| |||| 00| p ben d | ||
| 020 | _c: Tk. 2.00 | ||
| 035 | _a(BD-RjUL) 48983 | ||
| 040 |
_aBD-RjUL _bben _cBD-RjUL |
||
| 041 | _aben | ||
| 082 |
_223 _a891.441 _bBED 1970 |
||
| 100 | 1 |
_aবেগ, মাহমুদ আলম _9147254 |
|
| 245 | 1 | 0 |
_aদিগন্তহীন / _cমাহমুদ আলম বেগ |
| 260 |
_aঢাকা : _bবিশ্ববাদ প্রকাশনা কেন্দ্র, _c১৯৭০ |
||
| 300 |
_a৪৯ পৃ. ; _c২১ সেমি. |
||
| 650 |
_aবাংলা কবিতা _9147255 |
||
| 650 |
_aBengali Poetry _9147256 |
||
| 942 |
_2ddc _cBK |
||
| 999 |
_c48864 _d48864 |
||